Přivedli svět domů : Binkovi a Josef Gočár /

Hlavní autor: Binko, Simona
Korporativní autor: Východočeské muzeum (Pardubice, Česko)
Další autoři: Fiřtová, Marie, Květina, Jan, 1986-, Lukavec, Martin, 1980-, Roubalová, Anna, 1995-, Soukupová, Veronika, Toth, Petr, 1962-
Jazyk: Čeština
Vydáno: Praha : UMPRUM, 2022
Vydání: Vydání první
Témata:
Fyzický popis: 405 stran : ilustrace (některé barevné), 1 mapa, portréty, faksimile ; 30 cm + 1 brožura (12 stran ; 17 x 12 cm) + 1 brožura (12 stran ; 12 x 17 cm)
Language note: Anglické resumé
Knihy
Uloženo v:
LEADER 04456nam a2200997 i 4500
001 nkc20223403223
003 CZ PrNK
005 20230724104612.0
007 ta
008 220322s2022 xr abchf c 000 0ccze
015 |a cnb003403223 
020 |a 978-80-88308-75-1  |q (brožováno) 
035 |a (OCoLC)1357139379 
040 |a BOA001  |b cze  |d ABA001  |e rda 
041 0 |a cze  |b eng 
043 |a e-xr--- 
045 |a x-x- 
072 7 |a 72  |x Architektura  |2 Konspekt  |9 21 
072 7 |a 658  |x Řízení a správa podniku  |2 Konspekt  |9 4 
080 |a 658.114-051  |2 MRF 
080 |a 77.03/.08-027.562-051  |2 MRF 
080 |a 72.071.1  |2 MRF 
080 |a 316.356.2  |2 MRF 
080 |a 72(437.3)  |2 MRF 
080 |a 72.036/.038  |2 MRF 
080 |a 7.011:316.72/.75  |2 MRF 
080 |a 929  |2 MRF 
080 |a (437.3)  |2 MRF 
080 |a (083.824)  |2 MRF 
080 |a (048.8:082)  |2 MRF 
100 1 |a Binko, Simona  |7 mzk20221168428  |4 aut  |4 edt 
245 1 0 |a Přivedli svět domů :  |b Binkovi a Josef Gočár /  |c texty: Simona Binko, Marie Fiřtová, Jan Květina, Martin Lukavec, Anna Roubalová, Veronika Soukupová, Petr Toth 
246 3 0 |a Binkovi a Josef Gočár 
250 |a Vydání první 
264 1 |a Praha :  |b UMPRUM,  |c 2022 
300 |a 405 stran :  |b ilustrace (některé barevné), 1 mapa, portréty, faksimile ;  |c 30 cm +  |c 1 brožura (12 stran ; 17 x 12 cm) + 1 brožura (12 stran ; 12 x 17 cm) 
336 |a text  |b txt  |2 rdacontent 
336 |a statický obraz  |b sti  |2 rdacontent 
337 |a bez média  |b n  |2 rdamedia 
338 |a svazek  |b nc  |2 rdacarrier 
500 |a Doprovodná publikace ke stejnojmenné výstavě konané ve Východočeském muzeu v Pardubicích ve dnech 26.4.-31.8.2022 
500 |a Na obálce (částečně slepotiskem) názvy dalších výstav v projektu Průmysl a umění: Hvězdné nebe, Člověk člověku, Hlavu vzhůru! Furt se de! (název projektu a pořadí výstavy č. 2 uvedeny na hřbetu) 
500 |a Brožury vlepeny na stranách 267 a 271 
500 |a 500 výtisků 
504 |a Obsahuje bibliografii a bibliografické odkazy 
546 |a Anglické resumé 
600 1 7 |a Binko, Josef,  |d 1879-1960  |7 mzk2006368385  |2 czenas 
600 1 7 |a Binko, Dušan,  |d 1884-1954  |7 jo20221171020  |2 czenas 
600 1 7 |a Gočár, Josef,  |d 1880-1945  |7 jk01032501  |2 czenas 
648 7 |a 19.-20. století  |7 ch757015  |2 czenas 
648 7 |a 20. století  |7 ch460558  |2 czenas 
650 0 7 |a podnikatelé  |7 ph124163  |z Česko  |y 19.-20. století  |2 czenas 
650 0 7 |a amatérští fotografové  |7 ph604017  |z Česko  |y 19.-20. století  |2 czenas 
650 0 7 |a architekti  |7 ph118582  |z Česko  |y 19.-20. století  |2 czenas 
650 0 7 |a rodinné vztahy  |7 ph135535  |2 czenas 
650 0 7 |a česká architektura  |7 ph128102  |y 20. století  |2 czenas 
650 0 7 |a moderní architektura  |7 ph115339  |z Česko  |2 czenas 
650 0 7 |a umění a společnost  |7 ph126924  |z Česko  |y 19.-20. století  |2 czenas 
650 0 9 |a businessmen  |z Czechia  |y 19th-20th centuries  |2 eczenas 
650 0 9 |a amateur photographers  |z Czechia  |y 19th-20th centuries  |2 eczenas 
650 0 9 |a architects  |z Czechia  |y 19th-20th centuries  |2 eczenas 
650 0 9 |a family relationships  |2 eczenas 
650 0 9 |a Czech architecture  |y 20th century  |2 eczenas 
650 0 9 |a modern architecture  |z Czechia  |2 eczenas 
650 0 9 |a art and society  |z Czechia  |y 19th-20th centuries  |2 eczenas 
655 7 |a katalogy výstav  |7 fd132536  |2 czenas 
655 7 |a kolektivní monografie  |7 fd501537  |2 czenas 
655 9 |a exhibition catalogs  |2 eczenas 
655 9 |a collective monographs  |2 eczenas 
700 1 |a Fiřtová, Marie  |7 ola20201089379  |4 aut  |4 edt 
700 1 |a Květina, Jan,  |d 1986-  |7 jx20110923005  |4 aut 
700 1 |a Lukavec, Martin,  |d 1980-  |7 jo20231173179  |4 aut 
700 1 |a Roubalová, Anna,  |d 1995-  |7 xx0280281  |4 aut 
700 1 |a Soukupová, Veronika  |7 ola20201080196  |4 aut 
700 1 |a Toth, Petr,  |d 1962-  |7 vse2005278948  |4 aut 
710 2 |a Východočeské muzeum (Pardubice, Česko)  |7 kn20010724958  |4 orm 
740 0 2 |a Hvězdné nebe 
740 0 2 |a Člověk člověku 
740 0 2 |a Hlavu vzhůru! Furt se de! 
910 2 |a BOA001  |b 4-1495.903 
928 9 |a Vysoká škola uměleckoprůmyslová v Praze 
990 |a BK 
995 |a 01 
991 |b 202211  |c NOV 
996 6 |b 2610921052  |c 4-1495.903  |l MZK  |r Sklad / do 1 hodiny  |n 0  |p p.v.  |w 001905182  |u 000010  |a 1  |e BOA001  |j MZK50  |s P 
996 7 |b 2610923903  |c 4-1495.903  |l MZK  |r Sklad / do 1 hodiny  |n 6  |p kup  |w 001905182  |u 000020  |a 1  |e BOA001  |j MZK50  |s A